LEADER 01846nam a2200409 a 4500 001 000000129478 003 CaOOAMICUS 005 20120628102902.0 008 120628s2012 it u000 u ita r 020 $a978-88-6512-113-9 040 $aPUL$bita 041 1 $aita$hger 082 04$a231.7 100 0 $aBenedictus PP.$bXVI,$d1927-2022.$0(OLS)http://pul/name/14991 240 10$aGottes Project. Nachdenken über Schöpfung und Kirche.lItaliano.$0(OLS)http://pul/title/163638 245 10$aProgetto di Dio :$bmeditazioni sulla creazione e la Chiesa /$cJoseph Ratzinger Benedetto XVI ; traduzione e indici a cura di Carlo Carniato. 246 34$aProgetto di Dio :$bla creazione 250 $aEd. italiana ampliata. 260 $aVenezia :$bMarcianum Press,$c©2012. 300 $a207 p. ;$c21 cm 500 $aInclude indici. 650 4$aCreazione$xStudi.$0(OLS)http://pul/subject/4305 650 4$aChiesa$xStudi.$0(OLS)http://pul/subject/38784 700 1 $aCarniato, Carlo.$0(OLS)http://pul/name/77137 850 $aPUL 852 $aPUL$W1$xSL Religione 3$y85$m231. 7 BENED16 1$j149966$qDDC 21$B148491$CPULBib$Z2$F148491 $H120169 $82 900 $aRatzinger, Joseph,$ccard.,$d1927-2022$914991 900 $aBenedetto XVI,$cpapa,$d1927-$914991 910 $aPapi (2005-2013 : Benedictus PP. XVI)$914991 910 $aPapi (2005-2013 : Benedictus PP. XVI)$914991 941 1 $a9 996 $6020$a978-88-6512-113-9$9(OLS)http://pul/number/150124 996 $6082$a231.7$9(OLS)http://pul/classification/597 996 $6245$aProgetto di Dio :$bmeditazioni sulla creazione e la Chiesa$9(OLS)http://pul/title/163637 996 $6246$aProgetto di Dio :$bla creazione$9(OLS)http://pul/title/163639 996 $6260$aVenezia :$bMarcianum Press$9(OLS)http://pul/publisher/79046 LEADER 01165nam a2200289 u 4500 001 000000053955 003 CaOOAMICUS 005 20090130103204.0 008 001124s1966 sp u000 u spa u 035 $a10862342 040 $aPUL(R)$bita 100 1 $aCaturelli, Alberto.$0(OLS)http://pul/name/2144 245 13$aLa filosofía /$cAlberto Caturelli. 260 $a[Madrid] :$bEditorial Gredos,$c1966. 300 $a578 p. ;$c20 cm 490 1 $aBiblioteca hispánica de filosofía 504 $aBibliografia p. [19]. 580 $aRilegato con: La teologia 650 4$aFilosofia.$0(OLS)http://pul/subject/362 787 1 $aParente, Pietro, card., 1891-1986.$tTeologia.$dRoma : Studium, [1952]$kUniversale studium$w()4078 830 0$aBiblioteca hispánica de filosofía.$0(OLS)http://pul/title/72371 850 $aPUL 852 $aPUL$W1$xDP1 Fondo Giannini$y60$m1555 F 1$j71118$nBK-PRI$b $qFondi$B71118$CPULBib$Z2$F71118 $H $81 941 1 $a1 961 $aINV: Fondo Giannini 996 $6245$aLa filosofía$9(OLS)http://pul/title/72370 996 $6260$a[Madrid] :$bEditorial Gredos$9(OLS)http://pul/publisher/68681